Metodický rozbor vybratých tém z tematického celku Kalkulácie a rozpočtovníctvo

Analýza tematického celku kalkulácie a rozpočtovníctvo. Metodický rozbor tém. Popis priebehu vyučovacej hodiny. Príklad na zostavenie priebežnej kalkulácie.

Salvato in:
Dettagli Bibliografici
Autore principale: Pospišová, Alena
Natura: Capitolo di libro
Lingua:slovacco
Soggetti:
Tags: Aggiungi Tag
Nessun Tag, puoi essere il primo ad aggiungerne!!

MARC

LEADER 00000nla$a2200000$$$4500
001 0073562
005 20231215104024.1
041 0 |a slo 
044 |a SK 
245 1 0 |a Metodický rozbor vybratých tém z tematického celku Kalkulácie a rozpočtovníctvo  |c Alena Pospišová 
520 |a Analýza tematického celku kalkulácie a rozpočtovníctvo. Metodický rozbor tém. Popis priebehu vyučovacej hodiny. Príklad na zostavenie priebežnej kalkulácie. 
610 2 0 |a vyučovanie 
610 2 0 |a výchova 
610 2 0 |a kalkulácia 
610 2 0 |a rozpočtovanie 
610 2 0 |a predmety učebné 
100 1 |a Pospišová, Alena